Investície do ľudského kapitálu ako predpoklad rozvoja podniku bakalárska práca

Uložené v:
Podrobná bibliografia
Hlavný autor: Miho, Marián
Korporativný autor: Fakulta podnikového manažmentu EU. Katedra podnikovohospodárska
Ďalší autori: Foltínová, Ľubica, 1975-
Médium: Kniha
Jazyk:Slovak
Vydavateľské údaje: Bratislava 2024
Tagy: Pridať tag
Žiadne tagy, Buďte prvý, kto otaguje tento záznam!

MARC

LEADER 00000nbm a2200000 4500
001 0301992
005 20250206092259.3
041 0 |a slo 
044 |a SK 
245 1 0 |a Investície do ľudského kapitálu ako predpoklad rozvoja podniku  |b bakalárska práca  |c Marián Miho ; školiteľ: Ľubica Foltínová 
264 1 |a Bratislava  |c 2024 
300 |a 52 s. 
100 1 |a Miho, Marián 
700 1 |a Foltínová, Ľubica, 1975- 
710 2 |a Fakulta podnikového manažmentu EU. Katedra podnikovohospodárska